Touha po kráse /

Uložené v:
Podrobná bibliografia
Hlavní autori: Bartošová, Ľudmila, Feřtek, Otakar (Author)
Médium: Kniha
Jazyk:Czech
Vydané: Praha : Státní zemědělské nakladatelství, 1968.
Vydanie:2. vyd.
ISBN: (viaz.)
Fyzický popis: 210 s.
Tagy: Pridať tag
Žiadne tagy, Buďte prvý kto otaguje tento záznam!

MARC

LEADER 00000nam a2200000 a 4500
001 000189708
005 20090908182924.0
008 040101s1968 xr g 000 0 cze d
020 |a (viaz.) 
040 |a SVKKK  |b slo  |c SVKKK  |e AACR2 
041 0 |a cze 
044 |a xr  |c CZ 
100 1 |a Bartošová, Ľudmila 
245 1 0 |a Touha po kráse /  |c Bartošová, Feřtek ; [ilustroval Jaroslav Veverka]. 
250 |a 2. vyd. 
260 |a Praha :  |b Státní zemědělské nakladatelství,  |c 1968. 
300 |a 210 s. 
700 1 |a Feřtek, Otakar  |4 aut 
910 |a svkkk 
998 |a BK 
090 |g SCKHL  |k Sklad Pribinova 2. posch.  |a II.171319  |j 420106  |i 2720050310  |s Absenčne